CREATIVE WRITING A BEGINNER S MANUAL (Record no. 17862)

MARC details
000 -LEADER
fixed length control field 00368nam a2200145Ia 4500
008 - FIXED-LENGTH DATA ELEMENTS--GENERAL INFORMATION
fixed length control field 240624s9999 xx 000 0 und d
041 ## - LANGUAGE CODE
Language code of text/sound track or separate title eng
082 ## - DEWEY DECIMAL CLASSIFICATION NUMBER
Classification number 425 DEV
100 ## - MAIN ENTRY--PERSONAL NAME
Personal name DEV ANJANA NEIRA
245 ## - TITLE STATEMENT
Title CREATIVE WRITING A BEGINNER S MANUAL
250 ## - EDITION STATEMENT
Edition statement 11
260 ## - PUBLICATION, DISTRIBUTION, ETC.
Date of publication, distribution, etc. 2009
Place of publication, distribution, etc. Delhi
Name of publisher, distributor, etc. Pearson Longman
300 ## - PHYSICAL DESCRIPTION
Extent xii, : 224 : p. : cm. ; 24
365 ## - TRADE PRICE
Currency code RS
Price amount 30
Holdings
Withdrawn status Lost status Damaged status Not for loan Home library Current library Shelving location Date acquired Source of acquisition Cost, normal purchase price Total Checkouts Full call number Barcode Date last seen Date last checked out Copy number Price effective from Koha item type
        IMTN IMTN Rack 15-B 09/17/2011 AP 175.00 2 425 DEV 17862 10/11/2024 10/01/2024 1 06/24/2024 Books
Designed & Maintained by: LRC IMT Nagpur Contact: lrc@imtnag.ac.in© 2024. All Rights Reserved.